The critical theory of Jurgen Habermas

Αποθηκεύτηκε σε:
Λεπτομέρειες βιβλιογραφικής εγγραφής
Κύριος συγγραφέας: McCarthy, Thomas
Μορφή: Βιβλίο
Γλώσσα:English
Δημοσίευση: Cambridge : Policy press, 1984.
Θέματα:
Ετικέτες: Προσθήκη ετικέτας
Δεν υπάρχουν, Καταχωρήστε ετικέτα πρώτοι!

MARC

LEADER 00000nam a2200000 i 4500
001 1/30625
008 960329s1984 eng d
020 |a 0745600123  
035 |l 10023434  
040 |a GR-MY-UA  |b gre  |e aacr 
041 0 |a eng 
082 0 |a 300.1  
100 1 |a McCarthy, Thomas. 
245 1 4 |a The critical theory of Jurgen Habermas /   |c Thomas McCarthy.  
260 |a Cambridge :   |b Policy press,   |c 1984.  
300 |a 484 σ.  
600 1 0 |a Habermas Jurgen. 
650 0 0 |a Sociology  |x Philosophy. 
650 0 0 |a Social sciences  |x Philosophy. 
852 |a INST  |b CHIOS  |e 19960329  |h 300.1 MCC  |p 005200006612  |q 005200006612  |t BK  |y 0 
909 |a Χ  |b 001641